Office Trivia - Statistics

General Stats
  • This quiz has been taken 8 times
  • The average score is 5 of 10
Answer Stats
Hint Answer % Correct
Michael Scott's secret agent counterpart Michael Scarn
100%
Criminal played by Jim in Threat Level Midnight Goldenface
88%
Where Dwight works after quitting Staples
88%
Michael Scott's criminal counterpart Prison Mike
75%
Stanley's new favorite song, thanks to Andy Closing Time
50%
Name of the racist episode removed from Comedy Central Diversity Day
50%
Name of the character played by Kathy Bates Jo Bennet
25%
Dress code for Andy's garden party Connecticut Casual
13%
Dwight's Amish Great Grandfather Dwide Schrude
13%
Andy's brother Walter Jr.
13%
No matching quizzes found
Score Distribution
Percent of People with Each Score
Percentile by Number Answered
Your Score History
You have not taken this quiz